| 000 | 00000nam##2200000za#4500 |
| 001 | 9.572325 |
| 003 | CaOODSP |
| 005 | 20210624183150 |
| 007 | cr ||||||||||| |
| 008 | 150406|1998||||xxc|||||o f|0| 0 eng|d |
| 040 | |aCaOODSP|beng |
| 043 | |an-cn--- |
| 086 | 1 |aF21-6/1998-7E-PDF |
| 110 | 1 |aCanada.|bDepartment of Finance.|bTask Force on the Future of the Canadian Financial Services Sector. |
| 245 | 10|aBackground report on extending bank powers to include light vehicle leasing / |h[electronic resource]|cby DesRosiers Automotive Consultants Inc. |
| 260 | |aOttawa - Ontario : |bFinance Canada. |cSeptember 1998. |
| 300 | |a184p.|bfig., graphs, references, tables |
| 490 | 1 |aResearch paper prepared for the Task Force on the Future of the Canadian Financial Services Sector |
| 500 | |aIncorrect catalogue number (BT22-61/3-1998E-7) copied in this PDF edition. The ISBN (0-662-27145-9) for the print edition has been incorrectly copied in this electronic publication. |
| 504 | |aBibliography. |
| 590 | |a11-30-Supp|b2011-12-02 |
| 690 | 07|aLeasing|2gcpds |
| 690 | 07|aBanking|2gcpds |
| 710 | 2 |aDesRosiers Automotive Consultants. |
| 775 | 08|tRapport sur l'élargissement des pouvoirs des banques à la location-bail de véhicules légers / |w(CaOODSP)9.602702 |
| 776 | 0#|tBackground report on extending bank powers to include light vehicle leasing / |w(CaOODSP)9.614534 |
| 830 | #0|aResearch paper prepared for the Task Force on the Future of the Canadian Financial Services Sector.|w(CaOODSP)9.506754 |
| 856 | 40|ahttp://publications.gc.ca|qPDF|s2.76 MB|uhttps://publications.gc.ca/collections/Collection/F21-6-1998-7E.pdf |